Návrh na zefektívnenie systému riadenia zásob a skladovania v podniku
Gespeichert in:
| 1. Verfasser: | |
|---|---|
| Weitere Verfasser: | |
| Format: | Manuskript Buch |
| Sprache: | Slowakisch |
| Veröffentlicht: |
2017
|
| Schlagworte: | |
| Online-Zugang: | http://is.stuba.sk/zp/portal_zp.pl?podrobnosti=126298 |
| Tags: |
Keine Tags, Fügen Sie das erste Tag hinzu!
|
MARC
| LEADER | 00000ntm a22000003a 4500 | ||
|---|---|---|---|
| 001 | stuzp62242 | ||
| 003 | SK-STU | ||
| 005 | 20170603210331.7 | ||
| 007 | ta | ||
| 008 | 150427s2015----xo-----f-mn---000-0-slo-d | ||
| 040 | |a STU |b slo | ||
| 041 | 0 | |a slo | |
| 100 | 1 | |a Chynoradský, Tomáš |u 064000 |k Z4 |4 aut |U MTF Materiálovotechnologická fakulta |T MTF Ústav priemyselného inžinierstva a manažmentu |X 47017 |U M4000 |Y 84 |7 47017 | |
| 242 | 0 | 1 | |a Proposal for improvement of stock and storage management in a company |y eng |
| 245 | 1 | 0 | |a Návrh na zefektívnenie systému riadenia zásob a skladovania v podniku |
| 260 | |c 2017 | ||
| 650 | 4 | |a systém riadenia zásob |2 slo | |
| 650 | 4 | |a poistná hladina zásob |2 slo | |
| 650 | 4 | |a optimalizácia skladových procesov |2 slo | |
| 650 | 4 | |a zásoby |2 slo | |
| 650 | 4 | |a inventory |2 eng | |
| 650 | 4 | |a stock management system |2 eng | |
| 650 | 4 | |a insurance level of inventory |2 eng | |
| 650 | 4 | |a optimization of storage processes |2 eng | |
| 700 | 1 | |a Fidlerová, Helena |u 064000 |k Z2 |4 ths |U MTF Materiálovotechnologická fakulta |T MTF Ústav priemyselného inžinierstva a manažmentu |X 3662 |U M4000 |Y 84 |7 A000003662 | |
| 856 | 4 | |u http://is.stuba.sk/zp/portal_zp.pl?podrobnosti=126298 | |
| 996 | |c M* DP-13230 |l MMSKP |s P |a 0 |w stuzp62242_0001 | ||